000 00499nam a22001697a 4500
003 OSt
005 20260123113258.0
008 260123b |||||||| |||| 00| 0 eng d
040 _cMRSPTU
041 _aEnglish
100 _aBinni, Supervisor: Dr. Paramjeet Singh
245 _aImage Compression Using Hybrid Technique
260 _bDepartment of CSE, MRSPTU, Bathinda
_c2016
650 _aComputer Science
856 _uhttp://163.47.215.52:8080/jspui/handle/123456789/237
942 _2ddc
_cTH
_n0
999 _c10728
_d10728